000 00384nam a22001697a 4500
003 MPLRDC
005 20220104114600.0
008 210129b ||||| |||| 00| 0 eng d
082 _a856.9 ZHG
100 _a赵衡巩辑
245 _a世界珍闻
_c
250 _a一版一刷
260 _a
_b湖南人民出版社
_c1980
300 _b
650 _a
942 _cBK
_o856.9 ZHG
999 _c8609
_d8599